000
00284nam a22001337a 4500
020
_a
978-81-219-0681-4
041
_a
ENG
100
_a
Narayan Shanti
245
_a
Integral Calculus
260
_a
New Delhi
_b
S.Chand
_c
2022
650
_a
Maths
700
_a
Mittal.P.K
856
_u
Maths
999
_c
3196
_d
3196